| 000 | 00771cam a2200265 4500 | ||
|---|---|---|---|
| 999 |
_c151 _d151 |
||
| 001 | 2237049 | ||
| 003 | GZU | ||
| 005 | 20200706143036.0 | ||
| 008 | 720721s1972 mau b 001 0 eng | ||
| 010 | _a 76189331 | ||
| 020 | _a0395139368 | ||
| 040 |
_aDLC _cDLC _dDLC |
||
| 050 | 0 | 0 |
_aBF207 _b.W44 1972 |
| 082 | 0 | 0 | _a613.8/3 |
| 100 | 1 | _aWeil, Andrew. | |
| 245 | 1 | 4 |
_aThe natural mind; _ba new way of looking at drugs and the higher consciousness. |
| 260 |
_aBoston, _bHoughton Mifflin, _c1972. |
||
| 300 |
_a229 p. _c22 cm. |
||
| 504 | _aBibliography: p. 215-219. | ||
| 650 | 0 | _aPsychotropic drugs. | |
| 650 | 0 | _aConsciousness. | |
| 650 | 0 | _aAltered states of consciousness. | |
| 906 |
_a7 _bcbc _corignew _d2 _encip _f19 _gy-gencatlg |
||
| 942 |
_2lcc _cBK _h207 _iWEI _kBF |
||